000
00288nam a2200121Ia 4500
008
190216s9999||||xx |||||||||||||| ||und||
100
_a
Maxwell E A
245
0
_a
Plane Projective Geometry
260
_b
Cambridge Uty Press
_c
1963
300
_a
230p
650
_a
Mathematics
942
_c
BK
999
_c
30438
_d
30438